Piosenki zespołu Blue Café - nagła śmierć - Statystyki

Ogólne statystyki
  • Ten quiz został rozwiązany 48 razy
  • Średni wynik to 4 z 8
Answers on the Grid
Answers color-coded by a green-red scale on the quiz's grid according to % correct below.
Buena
Czy ten Pan i Pani
Do nieba, do piekła
Biała armia
Małe rzeczy
W stronę słońca
Bumerang
Wszystko czego dziś chcę
You may be in love
Całkiem nowa bajka
Reflection
Znam Cię na pamięć
Zapamiętaj
Co mi Panie dasz
My road
To Ty
To co dał nam świat
Nie daj się
Ciche dni
She dances for me
Dwa serca, dwa smutki
Lustra
Wiem, że jesteś tam
Another Girl
 
Statystyki odpowiedzi
Odpowiedź % Poprawnych
Buena
89%
Do nieba, do piekła
84%
You may be in love
74%
My road
42%
Zapamiętaj
26%
Reflection
24%
To Ty
13%
Another Girl
8%
Nie znaleziono quizów pasujących do podanych kryteriów
Rozkład punktacji
Procent ludzi z każdym wynikiem
Percentyl według liczby udzielonych odpowiedzi
Twoja historia wyników
Nie rozwiązałeś tego quizu